Extremely Hard General Knowledge #72 - Statistics

General Stats
  • This quiz has been taken 207 times
  • The average score is 3 of 20
Answer Stats
Hint Answer % Correct
Which country's national flag is the only one to not contain a shade of the colours red, white, or blue? Jamaica
56%
Which Spanish tennis player won the Women's Singles French Open in 1989, 1994 and 1998 and the Women's Singles U.S. Open in 1994? Arantxa Sánchez Vicario
27%
In which year was the newspaper headline "It's The Sun Wot Won It" in which the tabloid claimed credit for the Conservative Party's general election win? 1992
23%
Who has been the head coach of the Kansas City Chiefs since 2013, leading them to 3 Super Bowls during his reign? Andy Reid
19%
What was the name of the land purchase which took effect in 1854 and allowed the U.S. to acquire southern parts of Arizona and New Mexico? {Gadsden} Purchase
19%
In Greek Mythology, which son of Nyx is the personification of death? Thanatos
19%
To the nearest degree Celsius, what is the melting point of the chemical element Mercury? -{39}°C
17%
What does GDPR stand for, when referring to the European Union's data privacy rules. General Data Protection Regulation
16%
What was the name of the supercontinent that fused with Euramerica to form Pangaea? Gondwana
16%
Who was lead singer of Wet, Wet, Wet from 1982 until 1999 and again from 2004 to his departure in 2017? Marti Pellow
15%
Thought to have inspired Robinson Crusoe, What was the name of the Scottish castaway who lived for fear years on a Pacific island called "Más a Tierra"? Alexander Selkirk
6%
What was the name of the dance troupe on Top of the Pops from November 1976 to October 1981? Legs & Co.
6%
Translating to "late harvest", what is the name of German wine that is made from fully ripe grapes? Spätlese
5%
Which British hair stylist was married to the Scottish singer Lulu from 1977 to 1991? John Frieda
3%
Who wrote Prophet Song a dystopian novel about an Irish family, which won the 2023 Booker Prize? Paul Lynch
3%
What's the name of the building in Warsaw, Poland which is the tallest building in the European Union? {Varso} Tower
3%
James Earl Jones was nominated for the Best Lead Actor Oscar in 1971 for his role in which film? The Great White Hope (1970)
2%
What is the name of the base on the Antarctic Peninsula that serves as the capital of the British Antarctic Territory? {Rothera} Research Station
2%
Eric Pollard, the longest-serving character in the ITV soap Emmerdale, is played by which actor? Chris Chittell
0%
Which category of painting created in 1717 is most associated with Antoine Watteau and features ball dress figures in parkland settings? Fête galante
0%
No matching quizzes found
Score Distribution
Percent of People with Each Score
Percentile by Number Answered
Your Score History
You have not taken this quiz